[Event "DEM U10w 2021"]
[Site "Willingen GER"]
[Date "2021.08.24"]
[Round "3"]
[White "Xiao, Yiyi"]
[Black "Wagner, Cosima"]
[Result "0-1"]
[Termination "normal"]
[Board "2"]
[WhiteElo "1368"]
[BlackElo "1110"]
[WhiteClock "01:07:18"]
[BlackClock "00:56:10"]
[PlyCount "68"]
[WhiteFideId "34605665"]
[BlackFideId "34603484"]
[EventCountry "GER"]
[EventRounds "11"]
[EventType "swiss"]
[EventDate "2021.08.22"]

1. e4 {[%emt 00:00:01]} c5 {[%emt 00:00:10]} 2. Nf3 {[%clk 01:15:33]} {[%emt
00:00:15]} g6 {[%clk 01:15:52]} {[%emt 00:00:09]} 3. d4 {[%clk 01:15:45]}
{[%emt 00:00:18]} cxd4 {[%clk 01:16:12]} {[%emt 00:00:09]} 4. Nxd4 {[%clk
01:16:09]} {[%emt 00:00:07]} Bg7 {[%clk 01:16:35]} {[%emt 00:00:07]} 5. Nc3
{[%clk 01:16:27]} {[%emt 00:00:12]} Nc6 {[%clk 01:16:57]} {[%emt 00:00:08]} 6.
Be3 {[%clk 01:16:37]} {[%emt 00:00:21]} Nf6 {[%clk 01:17:15]} {[%emt 00:00:12]}
7. Bc4 {[%clk 01:16:39]} {[%emt 00:00:28]} Qa5 {[%clk 01:17:33]} {[%emt
00:00:11]} 8. Bb3 {[%clk 01:16:55]} {[%emt 00:00:14]} Nxe4 {[%clk 01:17:44]}
{[%emt 00:00:19]} 9. Qd3 {[%clk 01:15:54]} {[%emt 00:01:30]} Nxc3 {[%clk
01:17:10]} {[%emt 00:01:05]} 10. bxc3 {[%clk 01:15:59]} {[%emt 00:00:24]} O-O
{[%clk 01:16:48]} {[%emt 00:00:52]} 11. O-O {[%clk 01:14:51]} {[%emt 00:00:13]}
d6 {[%clk 01:14:52]} {[%emt 00:03:51]} 12. Rfe1 {[%clk 01:14:01]} {[%emt
00:01:21]} Nxd4 {[%clk 01:09:19]} {[%emt 00:06:02]} 13. Bxd4 {[%clk 01:13:38]}
{[%emt 00:00:53]} Bf5 {[%clk 01:09:14]} {[%emt 00:00:36]} 14. Qf3 {[%clk
01:12:56]} {[%emt 00:01:11]} e5 {[%clk 01:05:51]} {[%emt 00:03:54]} 15. Be3
{[%clk 01:13:03]} {[%emt 00:00:23]} e4 {[%clk 01:05:34]} {[%emt 00:00:47]} 16.
Qg3 {[%clk 01:10:13]} {[%emt 00:03:20]} Bxc3 {[%clk 01:04:59]} {[%emt
00:01:05]} 17. Red1 {[%clk 01:08:39]} {[%emt 00:02:03]} Bxa1 {[%clk 01:05:08]}
{[%emt 00:00:21]} 18. Rxa1 {[%emt 00:00:11]} Qe5 {[%clk 01:04:22]} {[%emt
00:01:13]} 19. h3 {[%clk 01:07:27]} {[%emt 00:02:05]} Qxa1+ {[%clk 01:04:22]}
{[%emt 00:00:29]} 20. Kh2 {[%clk 01:07:56]} {[%emt 00:00:02]} Qe5 {[%clk
01:03:55]} {[%emt 00:00:57]} 21. Bf4 {[%clk 01:08:15]} {[%emt 00:00:11]} Qf6
{[%clk 01:03:46]} {[%emt 00:00:39]} 22. Bxd6 {[%clk 01:08:23]} {[%emt
00:00:22]} Rfd8 {[%clk 01:02:36]} {[%emt 00:01:39]} 23. Be5 {[%clk 01:08:30]}
{[%emt 00:00:24]} Qe7 {[%clk 01:02:32]} {[%emt 00:00:33]} 24. Qc3 {[%clk
01:08:21]} {[%emt 00:00:40]} Rac8 {[%clk 01:01:03]} {[%emt 00:01:59]} 25. Qb2
{[%clk 01:08:24]} {[%emt 00:00:27]} Qf8 {[%clk 00:59:23]} {[%emt 00:02:10]} 26.
Bh8 {[%clk 01:08:26]} {[%emt 00:00:28]} Be6 {[%clk 00:57:18]} {[%emt 00:02:35]}
27. h4 {[%clk 01:07:22]} {[%emt 00:01:34]} Bxb3 {[%emt 00:00:43]} 28. axb3
{[%clk 01:07:32]} {[%emt 00:00:20]} Rc6 {[%clk 00:56:57]} {[%emt 00:00:38]} 29.
h5 {[%clk 01:07:38]} {[%emt 00:00:24]} f6 {[%clk 00:56:30]} {[%emt 00:00:57]}
30. hxg6 {[%clk 01:07:18]} {[%emt 00:00:49]} Qh6+ {[%clk 00:55:56]} {[%emt
00:01:04]} 31. Kg3 {[%clk 01:07:13]} {[%emt 00:00:35]} Qxg6+ {[%clk 00:56:09]}
{[%emt 00:00:17]} 32. Kh2 {[%clk 01:07:29]} {[%emt 00:00:14]} Kxh8 {[%clk
00:56:24]} {[%emt 00:00:15]} 33. Qa3 {[%clk 01:07:03]} {[%emt 00:00:57]} Qh6+
{[%clk 00:56:33]} {[%emt 00:00:20]} 34. Kg3 {[%clk 01:07:18]} {[%emt 00:00:15]}
Rg8# {[%clk 00:56:10]} {[%emt 00:00:22]} 0-1

[Event "DEM U10w 2021"]
[Site "Willingen GER"]
[Date "2021.08.24"]
[Round "3"]
[White "Hefele, Stefanie"]
[Black "Meier, Viktoria"]
[Result "0-1"]
[Termination "normal"]
[Board "3"]
[WhiteElo "1044"]
[BlackElo "1280"]
[WhiteClock "00:33:59"]
[BlackClock "01:17:46"]
[PlyCount "114"]
[WhiteFideId "34612041"]
[BlackFideId "34678298"]
[EventCountry "GER"]
[EventRounds "11"]
[EventType "swiss"]
[EventDate "2021.08.22"]

1. e4 {[%clk 01:15:57]} {[%emt 00:00:03]} d6 {[%clk 01:15:56]} {[%emt
00:00:05]} 2. d4 {[%emt 00:01:38]} Nf6 {[%clk 01:16:15]} {[%emt 00:00:08]} 3.
Nc3 {[%clk 01:14:40]} {[%emt 00:00:42]} Nbd7 {[%clk 01:16:28]} {[%emt
00:00:16]} 4. Nf3 {[%clk 01:13:46]} {[%emt 00:01:23]} e5 {[%clk 01:16:45]}
{[%emt 00:00:15]} 5. Bg5 {[%clk 01:13:00]} {[%emt 00:01:15]} Be7 {[%clk
01:16:51]} {[%emt 00:00:25]} 6. Bc4 {[%clk 01:11:48]} {[%emt 00:01:41]} O-O
{[%clk 01:17:00]} {[%emt 00:00:22]} 7. O-O {[%clk 01:11:31]} {[%emt 00:00:47]}
c6 {[%clk 01:16:39]} {[%emt 00:00:51]} 8. h3 {[%clk 01:10:48]} {[%emt
00:01:11]} b5 {[%clk 01:16:54]} {[%emt 00:00:16]} 9. Bd3 {[%clk 01:10:01]}
{[%emt 00:01:16]} Bb7 {[%clk 01:16:51]} {[%emt 00:00:35]} 10. d5 {[%clk
01:03:45]} {[%emt 00:06:45]} cxd5 {[%clk 01:15:54]} {[%emt 00:01:28]} 11. exd5
{[%clk 01:03:35]} {[%emt 00:00:39]} Nxd5 {[%clk 01:14:44]} {[%emt 00:01:41]}
12. Nxd5 {[%clk 01:02:28]} {[%emt 00:01:36]} Bxd5 {[%clk 01:14:35]} {[%emt
00:00:39]} 13. Bxe7 {[%clk 01:01:47]} {[%emt 00:01:11]} Qxe7 {[%clk 01:14:40]}
{[%emt 00:00:26]} 14. Bxb5 {[%clk 01:00:58]} {[%emt 00:01:19]} Bb7 {[%clk
01:14:57]} {[%emt 00:00:13]} 15. Qd3 {[%clk 00:59:19]} {[%emt 00:02:06]} Nb6
{[%clk 01:14:27]} {[%emt 00:01:03]} 16. Rad1 {[%clk 00:58:51]} {[%emt
00:00:57]} d5 {[%clk 01:13:57]} {[%emt 00:01:00]} 17. Qe3 {[%clk 00:55:38]}
{[%emt 00:03:43]} e4 {[%clk 01:13:01]} {[%emt 00:01:27]} 18. Rfe1 {[%clk
00:55:30]} {[%emt 00:00:36]} Qb4 {[%clk 01:12:43]} {[%emt 00:00:49]} 19. Nd4
{[%clk 00:53:25]} {[%emt 00:02:36]} Nc4 {[%clk 01:12:05]} {[%emt 00:01:08]} 20.
Bxc4 {[%clk 00:52:54]} {[%emt 00:01:01]} Qxc4 {[%clk 01:12:21]} {[%emt
00:00:14]} 21. b3 {[%clk 00:52:27]} {[%emt 00:00:57]} Qc7 {[%clk 01:12:04]}
{[%emt 00:00:47]} 22. Qg5 {[%clk 00:50:52]} {[%emt 00:02:05]} f6 {[%clk
01:11:11]} {[%emt 00:01:23]} 23. Qg4 {[%clk 00:50:30]} {[%emt 00:00:51]} Qe5
{[%clk 01:10:48]} {[%emt 00:00:53]} 24. Ne6 {[%clk 00:47:02]} {[%emt 00:03:58]}
f5 {[%clk 01:10:14]} {[%emt 00:01:05]} 25. Qxg7+ {[%clk 00:40:42]} {[%emt
00:06:49]} Qxg7 {[%clk 01:10:36]} {[%emt 00:00:08]} 26. Nxg7 {[%emt 00:00:16]}
Kxg7 {[%emt 00:00:03]} 27. c4 {[%clk 00:40:28]} {[%emt 00:00:25]} dxc4 {[%clk
01:11:01]} {[%emt 00:00:05]} 28. Rd7+ {[%clk 00:40:45]} {[%emt 00:00:13]} Rf7
{[%clk 01:11:19]} {[%emt 00:00:12]} 29. Rxf7+ {[%clk 00:40:32]} {[%emt
00:00:43]} Kxf7 {[%clk 01:11:40]} {[%emt 00:00:09]} 30. bxc4 {[%clk 00:40:40]}
{[%emt 00:00:23]} Rc8 {[%clk 01:11:51]} {[%emt 00:00:19]} 31. Rd1 {[%clk
00:40:26]} {[%emt 00:00:43]} Ke6 {[%clk 01:11:57]} {[%emt 00:00:25]} 32. Rc1
{[%clk 00:40:10]} {[%emt 00:00:46]} Ba6 {[%clk 01:12:12]} {[%emt 00:00:15]} 33.
c5 {[%clk 00:39:15]} {[%emt 00:01:24]} Kd5 {[%clk 01:11:55]} {[%emt 00:00:47]}
34. Rd1+ {[%clk 00:38:24]} {[%emt 00:01:21]} Kxc5 {[%clk 01:12:14]} {[%emt
00:00:11]} 35. Rc1+ {[%clk 00:38:41]} {[%emt 00:00:13]} Kb4 {[%clk 01:12:30]}
{[%emt 00:00:14]} 36. a3+ {[%clk 00:37:34]} {[%emt 00:01:39]} Ka4 {[%clk
01:12:36]} {[%emt 00:00:23]} 37. Rb1 {[%clk 00:37:02]} {[%emt 00:01:02]} Bd3
{[%clk 01:12:41]} {[%emt 00:00:25]} 38. Rb7 {[%clk 00:36:47]} {[%emt 00:00:44]}
a5 {[%clk 01:12:34]} {[%emt 00:00:38]} 39. Rxh7 {[%clk 00:36:43]} {[%emt
00:00:31]} Kxa3 {[%clk 01:12:53]} {[%emt 00:00:14]} 40. g4 {[%clk 00:36:10]}
{[%emt 00:01:02]} fxg4 {[%clk 01:12:42]} {[%emt 00:00:41]} 41. hxg4 {[%clk
00:36:24]} {[%emt 00:00:15]} e3 {[%clk 01:13:00]} {[%emt 00:00:13]} 42. fxe3
{[%clk 00:35:46]} {[%emt 00:01:08]} Bxh7 {[%clk 01:13:19]} {[%emt 00:00:11]}
43. Kf2 {[%clk 00:35:49]} {[%emt 00:00:28]} a4 {[%clk 01:13:43]} {[%emt
00:00:06]} 44. Kf3 {[%clk 00:35:27]} {[%emt 00:00:52]} Kb3 {[%clk 01:14:00]}
{[%emt 00:00:13]} 45. e4 {[%clk 00:35:07]} {[%emt 00:00:49]} Bxe4 {[%clk
01:14:11]} {[%emt 00:00:20]} 46. Kxe4 {[%clk 00:35:26]} {[%emt 00:00:10]} Rc4+
{[%clk 01:14:32]} {[%emt 00:00:09]} 47. Kf5 {[%clk 00:35:20]} {[%emt 00:00:36]}
Rxg4 {[%clk 01:14:56]} {[%emt 00:00:07]} 48. Kxg4 {[%emt 00:00:41]} a3 {[%emt
00:00:05]} 49. Kf3 {[%clk 00:34:40]} {[%emt 00:00:22]} a2 {[%clk 01:15:23]}
{[%emt 00:00:06]} 50. Ke3 {[%clk 00:34:46]} {[%emt 00:00:23]} a1=Q {[%emt
00:00:12]} 51. Kf4 {[%clk 00:34:39]} {[%emt 00:00:34]} Qe1 {[%clk 01:16:03]}
{[%emt 00:00:11]} 52. Kf3 {[%clk 00:34:37]} {[%emt 00:00:31]} Qe5 {[%clk
01:16:26]} {[%emt 00:00:08]} 53. Kf2 {[%clk 00:34:30]} {[%emt 00:00:36]} Qe4
{[%clk 01:16:51]} {[%emt 00:00:06]} 54. Kf1 {[%clk 00:34:16]} {[%emt 00:00:43]}
Qc2 {[%clk 01:17:12]} {[%emt 00:00:09]} 55. Ke1 {[%clk 00:34:06]} {[%emt
00:00:41]} Qg2 {[%clk 01:17:29]} {[%emt 00:00:13]} 56. Kd1 {[%clk 00:34:09]}
{[%emt 00:00:27]} Qf2 {[%clk 01:17:52]} {[%emt 00:00:07]} 57. Kc1 {[%clk
00:33:59]} {[%emt 00:00:38]} Qe1# {[%clk 01:17:46]} {[%emt 00:00:07]} 0-1

[Event "DEM U10w 2021"]
[Site "Willingen GER"]
[Date "2021.08.24"]
[Round "3"]
[White "Bacakova, Klara"]
[Black "Rafikova, Ailin"]
[Result "0-1"]
[Termination "normal"]
[Board "5"]
[WhiteElo "955"]
[BlackElo "1375"]
[WhiteClock "00:44:34"]
[BlackClock "00:19:56"]
[PlyCount "70"]
[WhiteFideId "34605762"]
[BlackFideId "34612173"]
[EventCountry "GER"]
[EventRounds "11"]
[EventType "swiss"]
[EventDate "2021.08.22"]

1. d4 {[%clk 01:15:57]} {[%emt 00:00:01]} Nf6 {[%clk 01:15:56]} {[%emt
00:00:05]} 2. c4 {[%clk 01:16:13]} {[%emt 00:00:14]} e6 {[%clk 01:16:22]}
{[%emt 00:00:05]} 3. Nc3 {[%clk 01:16:04]} {[%emt 00:00:38]} Bb4 {[%clk
01:16:29]} {[%emt 00:00:21]} 4. Nf3 {[%clk 01:14:51]} {[%emt 00:01:44]} h6
{[%clk 01:16:13]} {[%emt 00:00:39]} 5. Bd2 {[%clk 01:13:25]} {[%emt 00:02:04]}
O-O {[%clk 01:15:55]} {[%emt 00:00:48]} 6. a3 {[%clk 01:13:36]} {[%emt
00:00:20]} Be7 {[%clk 01:16:04]} {[%emt 00:00:20]} 7. e3 {[%clk 01:13:43]}
{[%emt 00:00:23]} Nc6 {[%clk 01:15:50]} {[%emt 00:00:45]} 8. Bd3 {[%clk
01:13:52]} {[%emt 00:00:20]} b6 {[%clk 01:14:14]} {[%emt 00:02:06]} 9. O-O
{[%clk 01:13:13]} {[%emt 00:01:09]} Bb7 {[%clk 01:13:31]} {[%emt 00:01:14]} 10.
Qc2 {[%clk 01:12:45]} {[%emt 00:00:57]} d5 {[%clk 01:12:47]} {[%emt 00:01:14]}
11. b4 {[%clk 01:09:52]} {[%emt 00:03:23]} dxc4 {[%clk 01:11:52]} {[%emt
00:01:25]} 12. Bxc4 {[%clk 01:09:53]} {[%emt 00:00:27]} Bd6 {[%clk 01:10:27]}
{[%emt 00:01:57]} 13. b5 {[%clk 01:09:27]} {[%emt 00:00:57]} Ne7 {[%clk
01:09:38]} {[%emt 00:01:17]} 14. e4 {[%clk 01:08:20]} {[%emt 00:01:37]} Ng6
{[%clk 01:06:24]} {[%emt 00:03:45]} 15. e5 {[%clk 01:07:43]} {[%emt 00:01:06]}
Be7 {[%clk 01:05:16]} {[%emt 00:01:39]} 16. exf6 {[%clk 01:07:50]} {[%emt
00:00:23]} Bxf6 {[%clk 01:04:46]} {[%emt 00:00:59]} 17. Be3 {[%clk 01:05:07]}
{[%emt 00:03:14]} Bxf3 {[%clk 01:02:29]} {[%emt 00:02:47]} 18. gxf3 {[%clk
01:05:02]} {[%emt 00:00:34]} Bxd4 {[%clk 01:01:13]} {[%emt 00:01:47]} 19. Bxd4
{[%clk 01:05:09]} {[%emt 00:00:22]} Qxd4 {[%clk 00:58:10]} {[%emt 00:03:34]}
20. Qd3 {[%clk 01:04:07]} {[%emt 00:01:30]} Qf6 {[%clk 00:52:52]} {[%emt
00:05:49]} 21. Kh1 {[%clk 01:03:57]} {[%emt 00:00:40]} Rad8 {[%clk 00:50:13]}
{[%emt 00:03:10]} 22. Qe3 {[%clk 01:01:52]} {[%emt 00:02:35]} Rd4 {[%clk
00:47:10]} {[%emt 00:03:33]} 23. Bb3 {[%clk 00:57:40]} {[%emt 00:04:42]} Rh4
{[%clk 00:44:54]} {[%emt 00:02:46]} 24. Rg1 {[%clk 00:57:20]} {[%emt 00:00:49]}
Rd8 {[%clk 00:42:47]} {[%emt 00:02:38]} 25. Rad1 {[%clk 00:56:55]} {[%emt
00:00:52]} Rc8 {[%clk 00:41:29]} {[%emt 00:01:51]} 26. Ne4 {[%clk 00:56:23]}
{[%emt 00:01:02]} Qf5 {[%clk 00:39:29]} {[%emt 00:02:30]} 27. Ng3 {[%clk
00:55:16]} {[%emt 00:01:36]} Qh3 {[%clk 00:37:20]} {[%emt 00:02:40]} 28. Nf1
{[%emt 00:07:53]} Rh5 {[%clk 00:31:50]} 29. Rg3 {[%clk 00:52:24]} {[%emt
00:01:58]} Qh4 {[%clk 00:30:54]} {[%emt 00:01:26]} 30. Rd4 {[%clk 00:51:06]}
{[%emt 00:01:48]} Qf6 {[%clk 00:25:21]} {[%emt 00:03:41]} 31. Nd2 {[%clk
00:49:00]} {[%emt 00:04:58]} c5 {[%clk 00:22:22]} {[%emt 00:03:30]} 32. bxc6
{[%clk 00:49:09]} {[%emt 00:00:21]} Rxc6 {[%clk 00:21:23]} {[%emt 00:01:29]}
33. Rc4 {[%clk 00:44:58]} {[%emt 00:04:41]} Rxc4 {[%clk 00:20:14]} {[%emt
00:01:40]} 34. Bxc4 {[%clk 00:45:13]} {[%emt 00:00:14]} Qh4 {[%clk 00:19:46]}
{[%emt 00:00:58]} 35. Qe4 {[%clk 00:44:34]} {[%emt 00:01:09]} Qxh2# {[%clk
00:19:56]} {[%emt 00:00:20]} 0-1

[Event "DEM U10w 2021"]
[Site "Willingen GER"]
[Date "2021.08.24"]
[Round "3"]
[White "Bakó, Isabella"]
[Black "Leicher, Anna"]
[Result "1-0"]
[Termination "normal"]
[Board "6"]
[WhiteElo "1173"]
[BlackElo "1249"]
[WhiteClock "00:13:51"]
[BlackClock "00:29:19"]
[PlyCount "109"]
[WhiteFideId "16287266"]
[BlackFideId "34614966"]
[EventCountry "GER"]
[EventRounds "11"]
[EventType "swiss"]
[EventDate "2021.08.22"]

1. d4 {[%clk 01:15:28]} {[%emt 00:00:31]} d5 {[%clk 01:15:57]} {[%emt
00:00:03]} 2. Nf3 {[%clk 01:15:47]} {[%emt 00:00:11]} Nc6 {[%clk 01:16:10]}
{[%emt 00:00:18]} 3. e3 {[%clk 01:15:45]} {[%emt 00:00:30]} a6 {[%clk
01:16:22]} {[%emt 00:00:20]} 4. a3 {[%clk 01:15:26]} {[%emt 00:00:49]} Nf6
{[%clk 01:16:19]} {[%emt 00:00:32]} 5. Bd3 {[%clk 01:15:21]} {[%emt 00:00:33]}
Bg4 {[%clk 01:16:21]} {[%emt 00:00:28]} 6. c4 {[%clk 01:15:18]} {[%emt
00:00:35]} e5 {[%clk 01:16:11]} {[%emt 00:00:41]} 7. dxe5 {[%clk 01:10:50]}
{[%emt 00:04:58]} Nxe5 {[%clk 01:16:15]} {[%emt 00:00:26]} 8. cxd5 {[%clk
01:03:35]} {[%emt 00:07:45]} Qxd5 {[%clk 01:16:01]} {[%emt 00:00:43]} 9. Be2
{[%clk 01:02:25]} {[%emt 00:01:41]} Nxf3+ {[%clk 01:11:52]} {[%emt 00:04:37]}
10. gxf3 {[%clk 01:01:06]} {[%emt 00:01:51]} Qc6 {[%clk 01:01:59]} {[%emt
00:10:23]} 11. Nc3 {[%clk 00:56:00]} {[%emt 00:05:31]} Rd8 {[%clk 01:00:07]}
{[%emt 00:02:27]} 12. Bd2 {[%clk 00:54:37]} {[%emt 00:01:52]} Bc5 {[%clk
00:57:21]} {[%emt 00:03:16]} 13. a4 {[%clk 00:52:53]} {[%emt 00:02:15]} O-O
{[%clk 00:56:43]} {[%emt 00:01:07]} 14. Rg1 {[%clk 00:46:34]} {[%emt 00:06:44]}
Bf5 {[%clk 00:54:29]} {[%emt 00:02:32]} 15. Rg5 {[%clk 00:43:13]} {[%emt
00:04:08]} Bg6 {[%clk 00:53:38]} {[%emt 00:01:19]} 16. Rc1 {[%clk 00:42:01]}
{[%emt 00:01:45]} h6 {[%clk 00:51:43]} {[%emt 00:02:25]} 17. Rg1 {[%clk
00:41:10]} {[%emt 00:01:19]} Bb4 {[%clk 00:50:29]} {[%emt 00:01:45]} 18. Qb3
{[%clk 00:36:59]} {[%emt 00:04:34]} Qd6 {[%clk 00:48:31]} {[%emt 00:02:33]} 19.
Rd1 {[%clk 00:33:46]} {[%emt 00:03:46]} Bxc3 {[%clk 00:47:20]} {[%emt
00:01:40]} 20. bxc3 {[%clk 00:33:22]} {[%emt 00:00:56]} Qxh2 {[%clk 00:47:35]}
{[%emt 00:00:14]} 21. Rxg6 {[%clk 00:32:26]} {[%emt 00:01:26]} Kh8 {[%clk
00:46:21]} {[%emt 00:01:42]} 22. Rg3 {[%clk 00:31:49]} {[%emt 00:01:08]} h5
{[%clk 00:45:02]} {[%emt 00:01:50]} 23. Bf1 {[%clk 00:25:55]} {[%emt 00:06:24]}
g6 {[%clk 00:43:19]} {[%emt 00:02:11]} 24. c4 {[%clk 00:24:42]} {[%emt
00:01:44]} Kh7 {[%clk 00:40:57]} {[%emt 00:02:51]} 25. Bc3 {[%clk 00:23:18]}
{[%emt 00:01:56]} Nd7 {[%clk 00:37:07]} {[%emt 00:04:19]} 26. Qc2 {[%clk
00:21:59]} {[%emt 00:01:50]} Nc5 {[%clk 00:36:44]} {[%emt 00:00:52]} 27. Rh3
{[%clk 00:20:01]} {[%emt 00:02:28]} Rxd1+ {[%clk 00:34:45]} {[%emt 00:02:30]}
28. Qxd1 {[%clk 00:18:42]} {[%emt 00:01:49]} Qg1 {[%clk 00:33:19]} {[%emt
00:01:54]} 29. Qc2 {[%clk 00:18:36]} {[%emt 00:00:37]} Qg5 {[%clk 00:33:00]}
{[%emt 00:00:49]} 30. f4 {[%clk 00:18:13]} {[%emt 00:00:53]} Qh6 {[%clk
00:31:04]} {[%emt 00:02:25]} 31. Be2 {[%clk 00:17:52]} {[%emt 00:00:51]} Kg8
{[%clk 00:30:50]} {[%emt 00:00:42]} 32. Qd2 {[%clk 00:16:47]} {[%emt 00:01:34]}
Ne4 {[%clk 00:30:05]} {[%emt 00:01:20]} 33. Qd4 {[%clk 00:16:45]} {[%emt
00:00:29]} Nxc3 {[%clk 00:29:56]} {[%emt 00:00:42]} 34. Qxc3 {[%clk 00:17:05]}
{[%emt 00:00:11]} Rd8 {[%clk 00:28:43]} {[%emt 00:01:42]} 35. Qa5 {[%clk
00:16:35]} {[%emt 00:00:59]} Qg7 {[%clk 00:28:46]} {[%emt 00:00:26]} 36. Qe5
{[%clk 00:15:30]} {[%emt 00:01:33]} f6 {[%clk 00:28:16]} {[%emt 00:01:03]} 37.
Qe6+ {[%clk 00:15:24]} {[%emt 00:00:34]} Kh8 {[%clk 00:28:31]} {[%emt
00:00:17]} 38. Bxh5 {[%clk 00:14:58]} {[%emt 00:00:56]} gxh5 {[%clk 00:26:33]}
{[%emt 00:02:28]} 39. Rxh5+ {[%clk 00:15:17]} {[%emt 00:00:11]} Qh7 {[%clk
00:26:51]} {[%emt 00:00:13]} 40. Rxh7+ {[%clk 00:15:25]} {[%emt 00:00:22]} Kxh7
{[%clk 00:27:11]} {[%emt 00:00:10]} 41. Qe7+ {[%clk 00:15:49]} {[%emt
00:00:06]} Kg6 {[%clk 00:27:22]} {[%emt 00:00:18]} 42. Qxd8 {[%clk 00:15:40]}
{[%emt 00:00:38]} Kf5 {[%clk 00:27:38]} {[%emt 00:00:15]} 43. Qxc7 {[%clk
00:11:58]} {[%emt 00:04:12]} Ke6 {[%clk 00:27:58]} {[%emt 00:00:10]} 44. Qxb7
{[%clk 00:12:02]} {[%emt 00:00:26]} a5 {[%clk 00:28:15]} {[%emt 00:00:14]} 45.
f5+ {[%clk 00:12:06]} {[%emt 00:00:26]} Kxf5 {[%clk 00:28:20]} {[%emt
00:00:22]} 46. c5 {[%clk 00:12:22]} {[%emt 00:00:16]} Ke6 {[%clk 00:28:28]}
{[%emt 00:00:21]} 47. c6 {[%clk 00:12:31]} {[%emt 00:00:23]} Ke5 {[%clk
00:28:44]} {[%emt 00:00:14]} 48. c7 {[%clk 00:12:38]} {[%emt 00:00:22]} Kf5
{[%clk 00:29:03]} {[%emt 00:00:11]} 49. c8=Q+ {[%clk 00:12:39]} {[%emt
00:00:29]} Ke5 {[%clk 00:28:48]} {[%emt 00:00:45]} 50. Qg4 {[%clk 00:12:11]}
{[%emt 00:00:56]} f5 {[%clk 00:28:53]} {[%emt 00:00:28]} 51. Qb5+ {[%emt
00:00:28]} Kd6 {[%clk 00:29:04]} 52. Qg6+ {[%clk 00:12:49]} {[%emt 00:00:12]}
Kc7 {[%clk 00:29:11]} {[%emt 00:00:24]} 53. Qbc6+ {[%clk 00:13:10]} {[%emt
00:00:08]} Kb8 {[%clk 00:29:08]} {[%emt 00:00:33]} 54. Qg7 {[%clk 00:13:27]}
{[%emt 00:00:11]} f4 {[%clk 00:29:19]} {[%emt 00:00:21]} 55. Qe8# {[%clk
00:13:51]} {[%emt 00:00:06]} 1-0